000 00583nam a22001937a 4500
005 20250127114322.0
010 _aENG-143600
020 _a9788195893942
_c350.00
035 _aEN-127132
037 _bDBAD
082 _a321.80954
100 _aJha, Dilip Kumar
_977089
245 _aIndia that is progressive/
_cBy Dilip Kumar Jha
250 _a1
260 _aNoida
_bBook Street Publications
_c2023
270 _a2203,Express Trade Towers-2,Sector-132
_bNoida
_e201304
_mjaipl3e@gmail.com
300 _a193p.
_c20cm (pb)
942 _2ddc
_cEN
_h321.80954
_mJHA
999 _c208791
_d208791